| 000 | | | 03521nmc2a22002413x 450 |
| 001 | | | 42aacfbd-d123-412f-acb2-45190d199df6 |
| 005 | | | 20251226103156.0 |
| 100 | ## | $a | 20250626l19101910k l0rusy0189 ca |
| 101 | 0# | $a | rus |
| 102 | ## | $a | RU |
| 105 | ## | $a | a### |
| 122 | 0# | $a | d |
| 200 | 1# | $a | Фотоснимок М. Новикова с дарственной надписью Г. Кривошеину |
| | $j | 26 сентября 1910 г. |
| 215 | ## | $a | 1 л. |
| | $c | фото |
| | $d | 20,5х25,5 см |
| 251 | ## | $c | Дело |
| 300 | ## | $a | Дело |
| 371 | ## | $a | Документ не является опубликованным и широко распространяемым |
| 461 | #0 | $1 | 0014a7d475a-da6a-4fe5-ac12-54e1d873a03e |
| | $1 | 2001 |
| | $a | Кривошеин Александр Васильевич |
| | $1 | 251 |
| | $c | Фонд |
| | $1 | 852 |
| | $j | 1571 |
| 462 | #0 | $1 | 0019af0f408-9074-482a-a22c-3a631489d173 |
| | $1 | 2001 |
| | $a | Личные документы Е.Г. Kривошеиной и ее сыновей; письма ей членов семьи и других лиц |
| | $1 | 251 |
| | $c | Опись |
| | $1 | 852 |
| | $j | 2 |
| 801 | #0 | $a | RU |
| | $b | РГИА |
| | $c | 20250626 |
| | $g | RCR |
| 801 | #1 | $a | RU |
| | $b | ГлавНИВЦ |
| | $c | 20250626 |
| | $2 | rusmarc |
| 801 | #2 | $a | RU |
| | $b | ПБ им. Б.Н. Ельцина |
| | $c | 20251226 |
| | $g | RCR |
| | $2 | rusmarc |
| 850 | ## | $a | РГИА |
| 852 | ## | $a | РГИА |
| | $e | Федеральное казенное учреждение "Российский государственный исторический архив" (РГИА) |
| | $j | 167 |
| 937 | ## | $h | РГИА |
| | $d | 12426480 |
| | $a | ASBIBLIO_SCAN |
| 035 | ## | $a | RusGRCC00088117 |
| 856 | ## | $u | http://readingroom.main.prlib.ru/item.aspx?id_node=n199876593&mode=full |